[Event "COL Subzt 2.3.4"]
[Site "Risarald"]
[Date "2021.11.24"]
[Round "2"]
[White "Ocampo, Cristian David"]
[Black "Fernandez, Victor"]
[Result "1/2-1/2"]
[WhiteElo "1804"]
[BlackElo "2039"]
[PlyCount "56"]
[EventDate "2021.11.23"]
[EventType "swiss"]
[EventRounds "9"]
[EventCountry "COL"]
[SourceTitle "CBM 205 Extra"]
[Source "ChessBase"]
[SourceDate "2022.01.31"]
[SourceVersion "1"]
[SourceVersionDate "2022.01.31"]
[SourceQuality "1"]

1. c4 c5 2. Nc3 Nf6 3. g3 d5 4. cxd5 Nxd5 5. Bg2 Nc7 6. Nf3 Nc6 7. d3 e5 8. 0-0 Be7 9. b3 0-0 10. Bb2 Be6 11. Rc1 f6 12. Ne4 b6 13. Qc2 Qd7 14. Rfd1 Rac8 15. Ned2 Rfd8 16. Nf1 Nb5 17. Qb1 Nbd4 18. Nxd4 Nxd4 19. Rd2 Bf8 20. Ne3 g6 21. Bxd4 exd4 22. Nc4 Bh6 23. f4 Re8 24. Rf1 Re7 25. Rf2 Rce8 26. Qf1 Bd5 27. Rc2 Be6 28. Nd2 f5 1/2-1/2

[Event "COL Subzt 2.3.4"]
[Site "Risarald"]
[Date "2021.11.23"]
[Round "1"]
[White "Diaz Avila, Jarett Alexander"]
[Black "Ocampo, Cristian David"]
[Result "0-1"]
[WhiteElo "1147"]
[BlackElo "1804"]
[PlyCount "108"]
[EventDate "2021.11.23"]
[EventType "swiss"]
[EventRounds "9"]
[EventCountry "COL"]
[SourceTitle "CBM 205 Extra"]
[Source "ChessBase"]
[SourceDate "2022.01.31"]
[SourceVersion "1"]
[SourceVersionDate "2022.01.31"]
[SourceQuality "1"]

1. e4 d6 2. d4 Nf6 3. Nf3 g6 4. Nc3 c6 5. Bg5 Qa5 6. Bxf6 exf6 7. d5 c5 8. Bd3 Bg7 9. 0-0 a6 10. Re1 0-0 11. Nd2 b5 12. f4 c4 13. Bf1 Nd7 14. Nf3 Nc5 15. e5 fxe5 16. fxe5 Qb6 17. Kh1 dxe5 18. Nxe5 Qd6 19. Nc6 Bd7 20. Qf3 Rae8 21. Rxe8 Rxe8 22. a4 Bxc3 23. bxc3 Ne4 24. axb5 axb5 25. Re1 Qxd5 26. Nb4 Qf5 27. Qxf5 Bxf5 28. Kg1 Kf8 29. g4 Bxg4 30. Nd5 Bf5 31. Bg2 Nd6 32. Rxe8+ Kxe8 33. Nf6+ Ke7 34. Nd5+ Ke6 35. Nc7+ Ke5 36. Bc6 Bxc2 37. Nxb5 Nxb5 38. Bxb5 Bd3 39. Kf2 Kf4 40. Be8 f5 41. Bf7 g5 42. Bh5 g4 43. Be8 Kg5 44. Bf7 h5 45. Be6 h4 46. Bd5 Kf4 47. Be6 g3+ 48. hxg3+ hxg3+ 49. Kg2 Ke3 50. Kg1 f4 51. Bg4 f3 52. Bh3 f2+ 53. Kh1 Be4+ 54. Bg2 f1Q# 0-1

[Event "Manizales op 26th"]
[Site "Manizales"]
[Date "2017.01.07"]
[Round "6"]
[White "Obando Guzman, Soren Federico"]
[Black "Ocampo, Cristian David"]
[Result "1-0"]
[WhiteElo "2023"]
[BlackElo "1808"]
[PlyCount "63"]
[EventDate "2017.01.04"]
[EventType "swiss"]
[EventRounds "9"]
[EventCountry "COL"]
[SourceTitle "CBM 176 Extra"]
[Source "ChessBase"]
[SourceDate "2017.03.02"]
[SourceVersion "1"]
[SourceVersionDate "2017.03.02"]
[SourceQuality "1"]

1. d4 d5 2. c4 e6 3. Nf3 Nf6 4. g3 a5 5. Bg2 c6 6. 0-0 dxc4 7. Ne5 Nbd7 8. Nxc4 Rb8 9. Bf4 Ra8 10. Nd6+ Bxd6 11. Bxd6 Nf8 12. Ba3 Ng6 13. e4 Ne7 14. e5 Nfd5 15. Nd2 b5 16. Bc5 0-0 17. Ne4 Ba6 18. Qg4 Nf5 19. Bxf8 Qxf8 20. Nc5 b4 21. Nxa6 Rxa6 22. Rac1 g6 23. Rc5 h5 24. Qe4 Qh6 25. Rfc1 Nde7 26. Qd3 Rb6 27. Bxc6 h4 28. d5 exd5 29. Bxd5 hxg3 30. hxg3 Qg5 31. Bg2 Re6 32. Qd8+ 1-0

[Event "Villamaria Nacional U2200"]
[Site "Villamaria"]
[Date "2015.12.05"]
[Round "4.8"]
[White "Torres, Jorge Emilio"]
[Black "Ocampo, Cristian David"]
[Result "1-0"]
[WhiteElo "2035"]
[BlackElo "1672"]
[PlyCount "61"]
[EventDate "2015.12.04"]
[EventType "swiss"]
[EventRounds "7"]
[EventCountry "COL"]
[SourceTitle "EXT 2024"]
[Source "ChessBase"]
[SourceDate "2023.10.10"]
[SourceVersion "1"]
[SourceVersionDate "2023.10.10"]
[SourceQuality "1"]

1. d4 Nf6 2. Nf3 e6 3. e3 b6 4. Bd3 Bb7 5. b3 c5 6. Bb2 d5 7. 0-0 Nbd7 8. Ne5 Nxe5 9. dxe5 Nd7 10. f4 g6 11. Nd2 Bg7 12. c4 Rc8 13. Qg4 0-0 14. Rad1 Qc7 15. h4 Rfd8 16. h5 Nf8 17. hxg6 fxg6 18. cxd5 Rxd5 19. Bc4 Rdd8 20. Bxe6+ Nxe6 21. Qxe6+ Kh8 22. Nc4 Re8 23. Qg4 Ba6 24. Rd7 Qc6 25. Rxg7 Kxg7 26. e6+ Kg8 27. f5 Bxc4 28. fxg6 h6 29. Rf7 Rxe6 30. Rg7+ Kf8 31. Qf4+ 1-0

[Event "Eje Cafetero Region 3rd"]
[Site "Eje Cafetero"]
[Date "2009.03.22"]
[Round "3.15"]
[White "Ocampo, Cristian David"]
[Black "Lopez Idarraga, Daniel Eduardo"]
[Result "0-1"]
[WhiteElo "1612"]
[BlackElo "1957"]
[PlyCount "56"]
[EventDate "2009.03.21"]
[EventType "swiss"]
[EventRounds "7"]
[EventCountry "COL"]
[SourceTitle "EXT 2024"]
[Source "ChessBase"]
[SourceDate "2023.10.10"]
[SourceVersion "1"]
[SourceVersionDate "2023.10.10"]
[SourceQuality "1"]

1. Nf3 c5 2. g3 Nc6 3. Bg2 g6 4. 0-0 Bg7 5. c3 Nf6 6. d4 cxd4 7. cxd4 d5 8. Nc3 0-0 9. Bf4 a6 10. Qc1 Bg4 11. e3 Rc8 12. Ne5 Bf5 13. Qd2 Ne4 14. Nxe4 dxe4 15. Nxc6 bxc6 16. Qe2 c5 17. dxc5 e5 18. g4 exf4 19. gxf5 f3 20. Bxf3 exf3 21. Qxf3 Rxc5 22. fxg6 hxg6 23. Rfd1 Qh4 24. Kh1 Rf5 25. Qg3 Qxg3 26. fxg3 Bxb2 27. Rab1 Rf2 28. Rd6 a5 0-1